Jiná cesta k trhu : Hledání alternativy k současné podobě globalizace

Enregistré dans:
Détails bibliographiques
Auteur principal: Stiglitz, Joseph E. (Auteur)
Format: Livre
Langue:tchèque
Publié: Praha : Prostor, 2003
Tags: Ajouter un tag
Pas de tags, Soyez le premier à ajouter un tag!

MARC

LEADER 00000nam a22000003a 4500
001 stu83642
005 20150617225636.3
008 040202s2003----xr------------------cze-d
020 |a 80-7260-095-8 
040 |a STU  |b slo 
041 0 |a cze 
044 |a xr 
080 |a 330.101.8 
080 |a 339.727  |7 stu_us_auth*stu570 
100 1 |a Stiglitz, Joseph E.  |4 aut 
245 1 |a Jiná cesta k trhu :  |b Hledání alternativy k současné podobě globalizace 
260 |a Praha :  |b Prostor,  |c 2003 
300 |a 403 s 
500 |a prel. z angl.orig. 
996 |c V*48338/O-21320  |l VV21  |s P  |a 0  |w stu83642_0001